| 000 | 00835nam a2200253 a 4500 | ||
|---|---|---|---|
| 001 | BRL_1770 | ||
| 005 | 20190320211348.0 | ||
| 008 | 290715s1969----mx-a######---#000-0#spa-# | ||
| 041 | _aspa | ||
| 044 | _amx | ||
| 050 | 4 |
_aF1221.T8 _b.S58 1969 |
|
| 100 | 1 |
_aSiverts, Henning _927829 |
|
| 245 | 1 | 0 |
_aOxchuc _buna tribu maya de México _cpor Henning Siverts ; Traducción de Vitza Manrique de Langseth. |
| 260 |
_aMéxico _bInstituto Indigenista Interamericano _c1969 |
||
| 300 |
_axv, 214 p. _bil. _c22 cm. |
||
| 440 | 0 |
_aEdiciones especiales _v52 _927830 |
|
| 500 | _aAu2028 | ||
| 504 | _aBibliografía: p. 209-214. | ||
| 650 | 1 | 4 |
_aTzeltales _xVida social y costumbres _927831 |
| 651 | 4 |
_aOxchuc (México) _xVida social y costumbres _927832 |
|
| 700 | 1 |
_aManrique de Langseth, Vitza _etr. _927833 |
|
| 902 | _aGRL | ||
| 942 |
_2lcc _cB |
||
| 999 |
_c10578 _d10578 |
||